Online
Catalog
Normal view MARC view

Entry Nombre personal

Number of records used in: 10

001 - NÚMERO DE CONTROL

  • campo de control: 15248

003 - IDENTIFICADOR DEL NÚMERO DE CONTROL

  • campo de control: BNPHU

005 - FECHA Y HORA DE LA ÚLTIMA TRANSACCIÓN

  • campo de control: 20240305121802.0

008 - DATOS DE LONGITUD FIJA

  • campo de control de longitud fija: 200615|| aca||aabn | a|a d

040 ## - FUENTE DE LA CATALOGACIÓN

  • Centro catalogador/agencia de origen: DO-SdBNP
  • Lengua de catalogación: spa
  • Centro/agencia transcriptor: BNPHU
  • Normas de descripción: rda

082 #4 - SIGNATURA TOPOGRÁFICA DECIMAL DEWEY

  • Número de clasificación: 303.484097293
  • Número de documento/Ítem: V156m
  • Volúmenes/fechas a la cual la signatura topográfica aplica: 22

100 1# - ENCABEZAMIENTO-NOMBRE DE PERSONA

  • Nombre de persona: Valentín Jiminían, Julio César,
  • Fechas asociadas al nombre: 1966-

370 ## - LUGAR ASOCIADO

  • Lugar de nacimiento: Santiago de los Caballeros (República Dominicana)

374 ## - OCUPACIÓN

  • Ocupación: Político
  • Ocupación: Escritor
  • Ocupación: Abogado

375 ## - GÉNERO/SEXO

  • Género/Sexo: Masculino

377 ## - LENGUA/LENGUAJE ASOCIADO

  • Código del idioma: spa

400 1# - TRAZADO DE VÉASE--NOMBRE DE PERSONA

  • Nombre de persona: Jiminián, Júlio César Valentín
  • Fechas asociadas al nombre: 1966-

670 ## - FUENTE DE DATOS ENCONTRADOS

  • Cita de la fuente: Valentín Jiminían, Julio César, Los movimientos sociales dominicanos en el siglo XXI. Santo Domingo : Alfa & Omega, 2022.

670 ## - FUENTE DE DATOS ENCONTRADOS

  • Cita de la fuente: Work cat.: (OSt)5175: Valentín Jiminían, Julio César, Constitución, reforma y democracia de la imposición autoritaria al pacto político-social /, 2009.

Powered by Koha